| 000 | 01158nam a22002537a 4500 | ||
|---|---|---|---|
| 999 |
_c1262 _d1262 |
||
| 003 | OSt | ||
| 005 | 20190619190756.0 | ||
| 008 | 170425b xxu||||| |||| 00| 0 esp d | ||
| 020 | _a958-04-8675-1 | ||
| 040 |
_cRCAA _aDO-SdBJH _bspa |
||
| 082 | _a658.00951 S43s 2005 | ||
| 100 | 1 | _aShenkar, Oded. | |
| 245 | 1 | 0 |
_aEl siglo de China : _bla floreciente economía de China y su impacto en la economía global, en el equilibrio del poder y en los empleos / _c Oded Shenkar ; traducción Jorge Cárdenas Nannetti. |
| 260 |
_aBogotá : _bGrupo Editorial Norma, Wharton School Publishing, _c2005 |
||
| 300 | _aix, 270 páginas. : ilustrado, gráficas, cuadros, mapas | ||
| 500 | _aTítulo original. : The chinese century. The rising chinese economy and it's impact on the global economy the balance of power, and your job | ||
| 650 | 7 |
_aAdministración de empresas -- China Relaciones económicas exteriores _2Sears |
|
| 650 | 7 | _aAdministración industrial | |
| 650 | 7 | _a Propiedad industrial | |
| 650 | _aCondiciones económicas | ||
| 651 | _aRelaciones económicas exteriores | ||
| 700 | _aCárdenas Nannetti, Jorge. traductor | ||
| 942 |
_2ddc _cBK |
||